000
00262nam a22001097a 4500
008
211014b ||||| |||| 00| 0 eng d
050
_a
Periodical
245
_a
Zango
260
_a
Lusaka
_b
UNZA Press
_c
1977
300
_a
Not specified
942
_2
lcc
_c
PERIODICAL
999
_c
130879
_d
130879